Miranda Rights Quiz Stats

 Plays Quiz Updated Jan 5, 2019

Support Sporcle.
Go Orange.
Score 0/64 Timer 04:00
2 Plays Today
% Correct
the
99.5%
and
99.5%
a
99.5%
the
99.5%
You
98.4%
you
98.4%
you
98.4%
You
98.4%
you
98.4%
you.
98.4%
you
98.4%
you?
98.4%
you
98.3%
to
97.8%
to
97.8%
to
97.8%
to
97.7%
to
97.7%
right
97.7%
right
97.7%
have
97.4%
have
97.4%
have
97.4%
an
96.4%
an
96.4%
silent.
96.3%
remain
96.3%
the
95.7%
to
95.2%
be
94.9%
be
94.9%
will
94.4%
% Correct
will
94.4%
can
93.3%
I
92.5%
attorney.
92.5%
attorney,
92.5%
say
91.7%
against
91.4%
law.
91.4%
in
91%
court
90.7%
in
90.6%
Anything
90.2%
If
90%
of
90%
used
89%
one
86.6%
do
83.7%
Do
83.2%
afford
82%
provided
81.4%
cannot
80.4%
understand
78.6%
rights
72.4%
rights
71.1%
just
59.7%
read
57.9%
these
36.9%
wish
29.1%
me?
26.3%
speak
23.8%
With
21.6%
mind,
19.4%

From the Vault

NHL Mario Lemieux Career Goalies

by cdhmiamifan13

Sports 15m
If he's Super Mario, these guys played the goombas.
Remove Ads.
Support Sporcle.
Get the best of Sporcle when you Go Orange. This ad-free experience offers more features, more stats, and more fun while also helping to support Sporcle. Thank you for becoming a member.

Show Comments

Extras

Top Quizzes Today


Score Distribution

Your Account Isn't Verified!

In order to create a playlist on Sporcle, you need to verify the email address you used during registration. Go to your Sporcle Settings to finish the process.

Report this User

Report this user for behavior that violates our Community Guidelines.

Details: